<?xml version="1.0" encoding="UTF-8"?>
<collection xmlns="http://www.loc.gov/MARC21/slim">
<record>
  <controlfield tag="001">119684</controlfield>
  <controlfield tag="005">20221115154453.0</controlfield>
  <datafield tag="024" ind1="8" ind2=" ">
    <subfield code="2">sideral</subfield>
    <subfield code="a">129484</subfield>
  </datafield>
  <datafield tag="037" ind1=" " ind2=" ">
    <subfield code="a">ART-2018-129484</subfield>
  </datafield>
  <datafield tag="041" ind1=" " ind2=" ">
    <subfield code="a">spa</subfield>
  </datafield>
  <datafield tag="100" ind1=" " ind2=" ">
    <subfield code="a">Burgos, María</subfield>
  </datafield>
  <datafield tag="245" ind1=" " ind2=" ">
    <subfield code="a">Competencia de análisis epistémico de tareas de proporcionalidad de futuros profesores</subfield>
  </datafield>
  <datafield tag="260" ind1=" " ind2=" ">
    <subfield code="c">2018</subfield>
  </datafield>
  <datafield tag="520" ind1="3" ind2=" ">
    <subfield code="a">En el marco de una investigación de diseño, basada en el modelo ontosemiótico de conocimientos y competencias didáctico-matemáticas del profesor, se presentan los resultados obtenidos sobre la evaluación de la competencia de análisis epistémico de futuros profesores de matemáticas de educación secundaria. Se trata de una investigación cuyo objetivo es desarrollar la competencia de análisis de prácticas, objetos y procesos de interpretación, utilizando tareas que implican la noción de proporcionalidad. Los resultados revelan la complejidad que implica el logro de esta competencia, siendo, no obstante, un factor clave para que el profesor de matemáticas tome conciencia de los conflictos de aprendizaje y de los conocimientos que se deben gestionar en los procesos de institucionalización.   In the framework of a designed-based research, based on the onto-semiotic approach to mathematics teacher’s knowledge and competences, the results obtained about the assessment of the epistemic analysis capabilities of high school prospective mathematics teachers are presented. The main goal is to develop the competence analysis of practices, objects and interpretation processes, by using tasks that involve the concept of proportionality. The results reveal the complexity for prospective mathematics teachers to attain this competence, which is, however, a key factor for the teacher to be aware on the students’ learning conflicts and to build the knowledge needed in institutionalization procedures.</subfield>
  </datafield>
  <datafield tag="506" ind1="0" ind2=" ">
    <subfield code="a">Access copy available to the general public</subfield>
    <subfield code="f">Unrestricted</subfield>
  </datafield>
  <datafield tag="536" ind1=" " ind2=" ">
    <subfield code="9">info:eu-repo/grantAgreement/ES/FEDER/EDU2016-74848-P</subfield>
    <subfield code="9">info:eu-repo/grantAgreement/ES/MINECO/EDU2013-41141-P</subfield>
  </datafield>
  <datafield tag="540" ind1=" " ind2=" ">
    <subfield code="9">info:eu-repo/semantics/openAccess</subfield>
    <subfield code="a">All rights reserved</subfield>
    <subfield code="u">http://www.europeana.eu/rights/rr-f/</subfield>
  </datafield>
  <datafield tag="655" ind1=" " ind2="4">
    <subfield code="a">info:eu-repo/semantics/article</subfield>
    <subfield code="v">info:eu-repo/semantics/publishedVersion</subfield>
  </datafield>
  <datafield tag="700" ind1=" " ind2=" ">
    <subfield code="a">Godino, J. D.</subfield>
  </datafield>
  <datafield tag="700" ind1=" " ind2=" ">
    <subfield code="a">Giacomone, Belén</subfield>
  </datafield>
  <datafield tag="700" ind1=" " ind2=" ">
    <subfield code="a">Beltrán-Pellicer, Pablo</subfield>
    <subfield code="u">Universidad de Zaragoza</subfield>
    <subfield code="0">(orcid)0000-0002-1275-9976</subfield>
  </datafield>
  <datafield tag="710" ind1="2" ind2=" ">
    <subfield code="1">2006</subfield>
    <subfield code="2">200</subfield>
    <subfield code="a">Universidad de Zaragoza</subfield>
    <subfield code="b">Dpto. Matemáticas</subfield>
    <subfield code="c">Área Didáctica Matemática</subfield>
  </datafield>
  <datafield tag="773" ind1=" " ind2=" ">
    <subfield code="g">31, 1 (2018), 706-713</subfield>
    <subfield code="p">Acta Latinoam. mat. educ.</subfield>
    <subfield code="t">Acta Latinoamericana de Matemática Educativa</subfield>
    <subfield code="x">2448-6469</subfield>
  </datafield>
  <datafield tag="856" ind1="4" ind2="1">
    <subfield code="u">https://www.alme.org.mx/alme31v1/</subfield>
    <subfield code="z">Texto completo de la revista</subfield>
  </datafield>
  <datafield tag="856" ind1="4" ind2=" ">
    <subfield code="s">750676</subfield>
    <subfield code="u">http://zaguan.unizar.es/record/119684/files/texto_completo.pdf</subfield>
    <subfield code="y">Versión publicada</subfield>
  </datafield>
  <datafield tag="856" ind1="4" ind2=" ">
    <subfield code="s">2359287</subfield>
    <subfield code="u">http://zaguan.unizar.es/record/119684/files/texto_completo.jpg?subformat=icon</subfield>
    <subfield code="x">icon</subfield>
    <subfield code="y">Versión publicada</subfield>
  </datafield>
  <datafield tag="909" ind1="C" ind2="O">
    <subfield code="o">oai:zaguan.unizar.es:119684</subfield>
    <subfield code="p">articulos</subfield>
    <subfield code="p">driver</subfield>
  </datafield>
  <datafield tag="951" ind1=" " ind2=" ">
    <subfield code="a">2022-11-15-12:17:37</subfield>
  </datafield>
  <datafield tag="980" ind1=" " ind2=" ">
    <subfield code="a">ARTICLE</subfield>
  </datafield>
</record>
</collection>